Zákon smečky : soumrak. Rudý měsíc /
Čtvrtý díl podsérie Zákon smečky - Soumrak. Stejní hrdinové, nová dobrodružství. Pro čtenáře od 9 let.
Uloženo v:
| Série: | Zákon smečky - Soumrak,
část 4 |
|---|---|
| Hlavní autor: | |
| Další autoři: | |
| Médium: | E-kniha |
| Jazyk: | Czech |
| Vydáno: |
V Praze :
Albatros,
2018
|
| Vydání: | 1. vydání |
| Témata: | |
| Příbuzné jednotky: | Z cyklu::
Zákon smečky - Soumrak |
| Tagy: |
Žádné tagy |
| LEADER | 02662nam a2200529 i 4500 | ||
|---|---|---|---|
| 001 | 310928 | ||
| 003 | CZ PrSKC | ||
| 005 | 20260601215656.0 | ||
| 007 | ta | ||
| 008 | 180914s2018 xr a c 000 f cze | ||
| 015 | |a cnb003028072 | ||
| 020 | |a 9788000051529 |q (brožováno) : |c Kč 199,00 | ||
| 035 | |a (OCoLC)1066061900 | ||
| 040 | |a BOA001 |b cze |d OLA001 |d ABA001 |e rda | ||
| 041 | 1 | |a cze |h eng | |
| 072 | 7 | |a 821.111-3 |x Anglická próza, anglicky psaná |2 Konspekt | |
| 072 | 7 | |a 821-93 |x Literatura pro děti a mládež (beletrie) |2 Konspekt | |
| 080 | |a 821.111-31 |2 MRF | ||
| 080 | |a 821-93 |2 MRF | ||
| 080 | |a (0:82-311.3) |2 MRF | ||
| 100 | 1 | |a Hunter, Erin |7 mzk2006363422 |4 aut | |
| 240 | 1 | 0 | |a Red moon rising. |l Česky |
| 245 | 1 | 0 | |a Zákon smečky : |b soumrak. |p Rudý měsíc / |c Erin Hunterová ; přeložil Matěj Čuchna |
| 246 | 3 | 0 | |a Rudý měsíc |
| 250 | |a 1. vydání | ||
| 264 | 1 | |a V Praze : |b Albatros, |c 2018 | |
| 300 | |a 229 stran : |b ilustrace ; |c 21 cm | ||
| 336 | |a text |b txt |2 rdacontent | ||
| 337 | |a bez média |b n |2 rdamedia | ||
| 338 | |a svazek |b nc |2 rdacarrier | ||
| 500 | |a Přeloženo z angličtiny | ||
| 520 | 2 | |a Čtvrtý díl podsérie Zákon smečky - Soumrak. Stejní hrdinové, nová dobrodružství. Pro čtenáře od 9 let. |b Divoká smečka konečně prožívá radostné dny. Fena Bouře, která zachránila štěňata Alfy a Bety před utonutím, ale tuší, že nebezpečí nepominulo. Netrvá dlouho a někteří členové smečky mu stanou tváří v tvář. Podaří se Bouři odhalit zrádce ještě před tím, než strach a nedůvěra smečku úplně opanují? A jak na to doplatí sama Bouře? Nakladatelská anotace. Kráceno. | |
| 521 | 8 | |a Pro čtenáře od 9 let | |
| 655 | 7 | |a anglické romány |7 fd131814 |2 czenas | |
| 655 | 7 | |a dobrodružné romány |7 fd132061 |2 czenas | |
| 655 | 7 | |a publikace pro děti |7 fd133156 |2 czenas | |
| 655 | 9 | |a English fiction |2 eczenas | |
| 655 | 9 | |a adventure novels |2 eczenas | |
| 655 | 9 | |a children's literature |2 eczenas | |
| 700 | 1 | |a Čuchna, Matěj |7 pag2008464229 |4 trl | |
| 787 | 0 | 8 | |i Z cyklu: |t Zákon smečky - Soumrak |g 4 |
| 900 | |a ABA001 |b 21 | ||
| 928 | 9 | |a Albatros Media - Albatros | |
| 044 | |a xr | ||
| 910 | |a RBIT002 | ||
| 998 | |d 179012 |a https://core.palmknihy.cz/api/books/179012/cover?pd8ukf |b https://core.palmknihy.cz/api/books/179012/cover/400?pd8ukf |c https://core.palmknihy.cz/api/books/179012/cover/50?pd8ukf |e 2028-01-15 |g 232 |i 9788000051529 |j https://core.palmknihy.cz/api/books/179012/preview.epub |k https://core.palmknihy.cz/api/books/179012/preview.pdf |l |q 49 |r 1 |s https://www.palmknihy.cz/kniha/179012 |t ebook |y 2018 |z 0 |v Zákon smečky: Soumrak |w 4 | ||
| 999 | |d 310926 | ||